| 000 | 00935nas a2200313 4500 | ||
|---|---|---|---|
| 001 | BR0100453 | ||
| 003 | BR-BrBNA | ||
| 005 | 20231205102024.0 | ||
| 007 | ta | ||
| 008 | 230509b bl.|||p| |||| 00| 00por d | ||
| 040 |
_aBR-BrBNA _bpor _cBiblioteca Nacional de Agricultura |
||
| 041 | _a(Pt) | ||
| 072 | _aF30; F01 | ||
| 100 | 1 | _aSouza, P.I. de M. de | |
| 100 | 1 | _aMoreira, C.T. | |
| 100 | 1 | _aSpehar, C.R. | |
| 100 | 1 | _aKiihl, R.S. | |
| 100 | 1 | _aAlmeida, L.A. | |
| 100 | 1 | _aFarias Neto, A.L. | |
| 100 | 1 | _aUrben Filho, G. | |
| 100 | 1 | _aFaria, L.C. | |
| 245 | 1 | _aBRS Milena: cultivar de soja de ciclo medio de alta produtividade para o cerrado | |
| 650 | _aSoja | ||
| 650 | _aProdutividade | ||
| 650 | _aVariedade Resistente | ||
| 773 | 0 |
_tPesquisa Agropecuaria Brasileira (Brazil) _xISSN 0100-204X _g(Aug 2000), v. 35(8) p. 1695-1699 _wBR0100453 |
|
| 909 |
_a202311 _bLúcia _c55 _dLúcia Elande |
||
| 942 |
_2AGRIS _n0 _cANA |
||
| 999 |
_c165303 _d165303 |
||